Statistics for Ukrainian Premier League Teams Quiz

Click here to take the quiz!

General Stats

  • This quiz has been taken 24 times
  • The average score is 9 of 16

Answer Stats

Answer% Correct
FC Dynamo Kyiv
95%
SC Dnipro-1
91%
Shakhtar Donetsk
86%
Zorya Luhansk
82%
Metalist 1925 Kharkiv
73%
Vorskla Poltava
59%
FK Kolos Kovalivka
55%
FK Mariupol
55%
Rukh Lviv
55%
Chornomorets Odessa FC
50%
Desna Chernihiv
45%
Inhulets Petrove
45%
FK Lviv
41%
Veres Rivne
41%
FK Mynai
36%
FK Oleksandriya
32%

Score Distribution

Percentile by Number Answered

Percent of People with Each Score

Your Score History

You have not taken this quiz